<?xml version="1.0" encoding="UTF-8"?><marc:collection xmlns:marc="http://www.loc.gov/MARC21/slim">
  <marc:record>
    <marc:leader>00000nam  2200000za 4500</marc:leader>
    <marc:controlfield tag="001">9.828313</marc:controlfield>
    <marc:controlfield tag="003">CaOODSP</marc:controlfield>
    <marc:controlfield tag="005">20200401095226</marc:controlfield>
    <marc:controlfield tag="007">ta</marc:controlfield>
    <marc:controlfield tag="008">161129s2015    oncb     b   f000 0 fre d</marc:controlfield>
    <marc:datafield tag="040" ind1=" " ind2=" ">
      <marc:subfield code="a">CaOODSP</marc:subfield>
      <marc:subfield code="b">fre</marc:subfield>
    </marc:datafield>
    <marc:datafield tag="041" ind1=" " ind2=" ">
      <marc:subfield code="a">fre</marc:subfield>
      <marc:subfield code="b">eng</marc:subfield>
    </marc:datafield>
    <marc:datafield tag="043" ind1=" " ind2=" ">
      <marc:subfield code="a">n-cn---</marc:subfield>
    </marc:datafield>
    <marc:datafield tag="055" ind1="0" ind2="0">
      <marc:subfield code="a">TD428.M47R3614</marc:subfield>
    </marc:datafield>
    <marc:datafield tag="082" ind1="0" ind2="4">
      <marc:subfield code="a">363.739/463</marc:subfield>
      <marc:subfield code="2">22</marc:subfield>
    </marc:datafield>
    <marc:datafield tag="086" ind1="1" ind2=" ">
      <marc:subfield code="a">En49-15/23F</marc:subfield>
    </marc:datafield>
    <marc:datafield tag="245" ind1="0" ind2="0">
      <marc:subfield code="a">Évaluation sommaire de la performance des mines de métaux assujetties au Règlement sur les effluents des mines de métaux en 2013.</marc:subfield>
    </marc:datafield>
    <marc:datafield tag="260" ind1=" " ind2=" ">
      <marc:subfield code="a">Ottawa : </marc:subfield>
      <marc:subfield code="b">Environnement Canada, Direction générale de l'intendance environnementale, </marc:subfield>
      <marc:subfield code="c">c2015.</marc:subfield>
    </marc:datafield>
    <marc:datafield tag="300" ind1=" " ind2=" ">
      <marc:subfield code="a">viii, 257 : </marc:subfield>
      <marc:subfield code="b">cartes, tableaux ; </marc:subfield>
      <marc:subfield code="c">28 cm.</marc:subfield>
    </marc:datafield>
    <marc:datafield tag="490" ind1="1" ind2=" ">
      <marc:subfield code="a">Évaluation sommaire de la performance des mines de métaux assujetties au Règlement sur les effluents des mines de métaux, </marc:subfield>
      <marc:subfield code="x">1914-203X ; </marc:subfield>
      <marc:subfield code="v">1/MM/23</marc:subfield>
    </marc:datafield>
    <marc:datafield tag="500" ind1=" " ind2=" ">
      <marc:subfield code="a">« avril 2015. »</marc:subfield>
    </marc:datafield>
    <marc:datafield tag="500" ind1=" " ind2=" ">
      <marc:subfield code="a">Titre pris sur la couv.</marc:subfield>
    </marc:datafield>
    <marc:datafield tag="500" ind1=" " ind2=" ">
      <marc:subfield code="a">Publié aussi en anglais sous le titre: Summary review of performance of metal mines subject to the Metal Mining Effluent Regulations in 2013.</marc:subfield>
    </marc:datafield>
    <marc:datafield tag="504" ind1=" " ind2=" ">
      <marc:subfield code="a">Comprend des références bibliographiques (p. 12).</marc:subfield>
    </marc:datafield>
    <marc:datafield tag="520" ind1=" " ind2=" ">
      <marc:subfield code="a">La présente évaluation sommaire porte sur la performance des mines de métaux canadiennes et repose sur certaines normes prescrites par le Règlement sur les effluents des mines de métaux, lequel a été enregistré le 6 juin 2002 et est entré en vigueur dans son ensemble le 6 décembre 2002. Elle constitue la onzième évaluation sommaire annuelle de la performance relativement au Règlement. Outre des données détaillées sur la qualité des effluents, le rapport comprend divers tableaux et graphiques dans lesquels les données sur la conformité sont résumées, selon les dépassements, la province ou le territoire et le sous-secteur minier. Il comprend également des tableaux sommaires dans lesquels on présente de la même manière les résultats des essais de détermination de la létalité aiguë chez la truite arc-en-ciel et des essais de suivi avec bioessais sur la Daphnia magna. La portée de la présente évaluation sommaire est limitée, c’est-à-dire qu’elle ne renferme aucun aperçu des principales exigences figurant dans le Règlement.</marc:subfield>
    </marc:datafield>
    <marc:datafield tag="546" ind1=" " ind2=" ">
      <marc:subfield code="a">Texte en français, résumé en français et en anglais.</marc:subfield>
    </marc:datafield>
    <marc:datafield tag="692" ind1="0" ind2="7">
      <marc:subfield code="2">gccst</marc:subfield>
      <marc:subfield code="a">Industrie minière</marc:subfield>
    </marc:datafield>
    <marc:datafield tag="692" ind1="0" ind2="7">
      <marc:subfield code="2">gccst</marc:subfield>
      <marc:subfield code="a">Eaux usées</marc:subfield>
    </marc:datafield>
    <marc:datafield tag="692" ind1="0" ind2="7">
      <marc:subfield code="2">gccst</marc:subfield>
      <marc:subfield code="a">Statistiques</marc:subfield>
    </marc:datafield>
    <marc:datafield tag="710" ind1="1" ind2=" ">
      <marc:subfield code="a">Canada.</marc:subfield>
      <marc:subfield code="b">Environnement Canada. </marc:subfield>
      <marc:subfield code="b">Direction générale de l'intendance environnementale.</marc:subfield>
    </marc:datafield>
    <marc:datafield tag="775" ind1="0" ind2="8">
      <marc:subfield code="t">Summary review of performance of metal mines subject to the Metal Mining Effluent Regulations in 2013.</marc:subfield>
      <marc:subfield code="w">(CaOODSP)9.828310</marc:subfield>
    </marc:datafield>
    <marc:datafield tag="780" ind1="0" ind2="0">
      <marc:subfield code="t">Rapport d'étape sur la prévention de la pollution et la dépollution de l'eau en vertu du Règlement sur les effluents des mines de métaux  en ... </marc:subfield>
      <marc:subfield code="w">(CaOODSP)9.835082</marc:subfield>
    </marc:datafield>
    <marc:datafield tag="830" ind1="#" ind2="0">
      <marc:subfield code="a">Évaluation sommaire de la performance des mines de métaux assujetties au Règlement sur les effluents des mines de métaux,</marc:subfield>
      <marc:subfield code="x">1914-203X ; </marc:subfield>
      <marc:subfield code="v">1/MM/23.</marc:subfield>
      <marc:subfield code="w">(CaOODSP)9.513460</marc:subfield>
    </marc:datafield>
  </marc:record>
</marc:collection>
